Statistics for 2023-24 best NBA players (so far, not in particular order)

Click here to take the quiz!

General Stats

  • This quiz has been taken 110 times
  • The average score is 20 of 32

Answer Stats

HintAnswer% Correct
DenNikola Jokic
99%
DalLuka Doncic
98%
MilDamien Lillard
78%
GswSteph Curry
74%
BosJason Tatum
71%
LacJames Harden
70%
LalLebron James
70%
PhxKevin Durant
69%
SacDe'Aaron Fox
68%
MiaJimmy Butler
66%
DalKyrie Irving
66%
PhxDevin Booker
65%
CleDonnavan Mitchell
65%
DenJamaal Murray
65%
BosJaylen Brown
65%
LacKahwai Leonard
65%
IndTyreese Haliburton
65%
AtlTrae Young
64%
OkcShai Gilgeous-Alexander
63%
ChiDemar Derozan
62%
GswKlay Thompson
62%
LacPaul George
62%
SacDomantas Sabonis
61%
LalAnthony Davis
60%
PhiTyreese Maxey
60%
BknMikal Bridges
59%
ChiZach Lavine
55%
NykJaylen Brunson
54%
GswChris Paul
51%
PhiJoel Embid
50%
BknCam Thomas
45%
MilGiannis Antetokounpo
11%

Score Distribution

Percentile by Number Answered

Percent of People with Each Score

Your Score History

You have not taken this quiz